[Event "Dutch League 2023-24"]
[Site "Netherlands NED"]
[Date "2023.12.16"]
[Round "5.3"]
[White "Senders, Mischa"]
[Black "Smeets, Jan"]
[Result "0-1"]
[WhiteTitle "FM"]
[BlackTitle "GM"]
[WhiteElo "2310"]
[BlackElo "2539"]
[WhiteTeam "HMC Den Bosch"]
[BlackTeam "LSG IntelliMagic"]
[WhiteFideId "1038370"]
[BlackFideId "1007246"]
[EventDate "2023.09.16"]
[EventType "team"]

1. a3 d5 2. Nf3 Bg4 3. c4 Bxf3 4. gxf3 d4 5. Qb3 Qc8 6. Bh3 e6 7. c5 Bxc5 8. Qc4
Bb6 9. Rg1 g6 10. d3 Qd7 11. Bf4 Nc6 12. Nd2 Nf6 13. Bg5 Nd5 14. Ne4 f5 15. Qxd5
Qxd5 16. Nf6+ Kf7 17. Nxd5 exd5 18. f4 h6 19. Bh4 g5 20. Bg3 Ne7 21. Kd2 gxf4
22. Bh4 Ng6 23. Rxg6 Kxg6 0-1

[Event "Dutch League 2023-24"]
[Site "Netherlands NED"]
[Date "2023.12.16"]
[Round "5.4"]
[White "Van Haastert, Edwin"]
[Black "Mollema, Thomas"]
[Result "1-0"]
[WhiteTitle "IM"]
[BlackTitle "CM"]
[WhiteElo "2426"]
[BlackElo "2227"]
[WhiteTeam "LSG IntelliMagic"]
[BlackTeam "HMC Den Bosch"]
[WhiteFideId "1003992"]
[BlackFideId "1034987"]
[EventDate "2023.09.16"]
[EventType "team"]

1. e4 e5 2. Nf3 Nf6 3. d4 Nxe4 4. Bd3 d5 5. Nxe5 Nd7 6. Nc3 Nxc3 7. bxc3 Nxe5 8.
dxe5 Qh4 9. O-O c6 10. Be3 Ba3 11. f4 g6 12. Rb1 b5 13. Qd2 Qe7 14. f5 Bc5 15.
Bd4 gxf5 16. Bxf5 Be6 17. Qh6 Kd7 18. Rf3 Raf8 19. Rbf1 Kc7 20. Bxe6 fxe6 21.
Rxf8 Rxf8 22. Rxf8 Qxf8 23. Qxh7+ Kb6 24. Qh4 Bxd4+ 25. Qxd4+ c5 26. Qf2 Qxf2+
27. Kxf2 Kc6 28. g4 Kd7 29. g5 Ke7 30. g6 Kf8 31. h4 Kg7 32. h5 a5 33. Ke3 a4
34. Kf3 a3 35. Ke3 Kh6 36. Kf4 d4 37. cxd4 c4 38. c3 1-0

[Event "Dutch League 2023-24"]
[Site "Netherlands NED"]
[Date "2023.12.16"]
[Round "5.5"]
[White "Broekmeulen, Jasper"]
[Black "Van der Werf, Mark"]
[Result "1/2-1/2"]
[WhiteTitle "IM"]
[BlackTitle "IM"]
[WhiteElo "2387"]
[BlackElo "2401"]
[WhiteTeam "HMC Den Bosch"]
[BlackTeam "LSG IntelliMagic"]
[WhiteFideId "1013440"]
[BlackFideId "1000470"]
[EventDate "2023.09.16"]
[EventType "team"]

1. e4 e5 2. Nf3 Nc6 3. c3 Nf6 4. d4 exd4 5. e5 Nd5 6. cxd4 d6 7. Bb5 Be7 8. O-O
O-O 9. h3 a6 10. Bc4 Nb6 11. Bb3 dxe5 12. dxe5 Qxd1 13. Rxd1 Be6 14. Nc3 Rad8
15. Re1 h6 16. Bf4 Nb4 17. Re2 Nd3 18. Be3 Bc5 19. Bxc5 Nxc5 20. Bc2 1/2-1/2

[Event "Dutch League 2023-24"]
[Site "Netherlands NED"]
[Date "2023.12.16"]
[Round "5.6"]
[White "Vogt, Andreas"]
[Black "Van der Stricht, Geert"]
[Result "1/2-1/2"]
[WhiteTitle "FM"]
[BlackTitle "IM"]
[WhiteElo "2291"]
[BlackElo "2303"]
[WhiteTeam "LSG IntelliMagic"]
[BlackTeam "HMC Den Bosch"]
[WhiteFideId "4629434"]
[BlackFideId "201324"]
[EventDate "2023.09.16"]
[EventType "team"]

1. c4 c6 2. d4 d5 3. cxd5 cxd5 4. Bf4 Nc6 5. e3 Nf6 6. Nc3 a6 7. Be2 Bf5 8. Nf3
e6 9. Qb3 Bb4 10. Ne5 Qa5 11. Nxc6 bxc6 12. O-O O-O 13. Rfc1 Rfc8 14. a3 Bxc3
15. Qxc3 Qxc3 16. Rxc3 Ne4 17. Rcc1 Nd2 18. Rc3 Ne4 19. Rcc1 Nd2 20. Rc3 Ne4 1/2-1/2

[Event "Dutch League 2023-24"]
[Site "Netherlands NED"]
[Date "2023.12.16"]
[Round "5.7"]
[White "Bosch, Jeroen"]
[Black "Willemze, Thomas"]
[Result "1-0"]
[WhiteTitle "IM"]
[BlackTitle "IM"]
[WhiteElo "2404"]
[BlackElo "2317"]
[WhiteTeam "HMC Den Bosch"]
[BlackTeam "LSG IntelliMagic"]
[WhiteFideId "1001280"]
[BlackFideId "1007238"]
[EventDate "2023.09.16"]
[EventType "team"]

1. d4 d5 2. c4 e6 3. Nf3 c5 4. cxd5 exd5 5. Nc3 Nf6 6. g3 Nc6 7. Bg2 h6 8. O-O
Be6 9. b3 Be7 10. Bb2 O-O 11. e3 Rc8 12. dxc5 Bxc5 13. Ne2 Qe7 14. Nf4 Rcd8 15.
Nd4 Bg4 16. Nxc6 bxc6 17. Bxf6 Qd7 18. Qc2 1-0

[Event "Dutch League 2023-24"]
[Site "Netherlands NED"]
[Date "2023.12.16"]
[Round "5.8"]
[White "De Jong, Jan-Willem"]
[Black "Hermeling, Caspar"]
[Result "1-0"]
[WhiteTitle "IM"]
[WhiteElo "2408"]
[BlackElo "1966"]
[WhiteTeam "LSG IntelliMagic"]
[BlackTeam "HMC Den Bosch"]
[WhiteFideId "1008641"]
[BlackFideId "1031066"]
[EventDate "2023.09.16"]
[EventType "team"]

1. c4 e6 2. g3 Nf6 3. Bg2 d5 4. Nf3 Be7 5. O-O O-O 6. b3 b6 7. Bb2 Bb7 8. cxd5
exd5 9. d4 Ne4 10. Nc3 a5 11. Qc2 Na6 12. a3 c5 13. Rad1 Qc8 14. Nxe4 dxe4 15.
Ne5 cxd4 16. Bxe4 Bxe4 17. Qxe4 Qe6 18. Qxd4 Bf6 19. Qd5 Rfe8 20. f4 Nc5 21.
Qxe6 Rxe6 22. Rf3 g5 23. Rd5 Rae8 24. Bd4 Ne4 25. Nd7 Bxd4+ 26. Rxd4 gxf4 27.
gxf4 Nc5 28. f5 Rh6 29. Rg3+ Kh8 30. Ne5 Rf6 31. e4 h6 32. Ng4 Rc6 1-0

[Event "Dutch League 2023-24"]
[Site "Netherlands NED"]
[Date "2023.12.16"]
[Round "5.9"]
[White "Dugarov, Alexei"]
[Black "Jens, Jelmer"]
[Result "0-1"]
[BlackTitle "IM"]
[WhiteElo "2180"]
[BlackElo "2358"]
[WhiteTeam "HMC Den Bosch"]
[BlackTeam "LSG IntelliMagic"]
[WhiteFideId "4185382"]
[BlackFideId "1007394"]
[EventDate "2023.09.16"]
[EventType "team"]

1. e4 c5 2. g3 d5 3. exd5 Qxd5 4. Nf3 Bg4 5. Be2 Nc6 6. Nc3 Qd7 7. Ne4 e6 8. d3
Be7 9. Be3 b6 10. c3 f5 11. Ned2 Bf6 12. h3 Bh5 13. Rg1 Bg6 14. g4 fxg4 15. hxg4
Bxd3 16. Bxd3 Qxd3 17. Qa4 Qd7 18. O-O-O O-O-O 19. Nc4 Qc7 20. g5 Be7 21. Nce5
Nxe5 22. Nxe5 Bd6 23. Nc6 Rd7 24. Qa6+ Qb7 25. Nxa7+ Kb8 26. Qxb7+ Kxb7 27. Nb5
Kc6 28. Nxd6 Rxd6 29. Bf4 Rxd1+ 30. Rxd1 Ne7 31. Rd6+ Kb5 32. Rxe6 Nd5 33. Be5
Rf8 34. b3 Nf4 35. Bc7 Nxe6 36. Be5 0-1

[Event "Dutch League 2023-24"]
[Site "Netherlands NED"]
[Date "2023.12.16"]
[Round "5.10"]
[White "Wiersma, Eelke"]
[Black "Schoorl, Rob"]
[Result "1/2-1/2"]
[WhiteTitle "IM"]
[BlackTitle "FM"]
[WhiteElo "2290"]
[BlackElo "2341"]
[WhiteTeam "LSG IntelliMagic"]
[BlackTeam "HMC Den Bosch"]
[WhiteFideId "1002864"]
[BlackFideId "1009508"]
[EventDate "2023.09.16"]
[EventType "team"]

1. e4 e5 2. Nf3 Nc6 3. Bb5 a6 4. Bxc6 dxc6 5. O-O Qf6 6. d4 exd4 7. Bg5 Qd6 8.
Nxd4 Be7 9. Bxe7 Nxe7 10. Nc3 Bd7 11. Nb3 O-O-O 12. Qf3 Qg6 13. Qe3 Kb8 14. Nc5
Bc8 15. Rad1 b6 16. Nd3 Rhe8 17. Nf4 Qh6 18. Rxd8 Rxd8 19. Rd1 Re8 20. Qg3 1/2-1/2

[Event "Dutch League 2023-24"]
[Site "Netherlands NED"]
[Date "2023.12.16"]
[Round "5.1"]
[White "Peelen, Piet"]
[Black "Lenaerts, Lennert"]
[Result "1/2-1/2"]
[WhiteTitle "IM"]
[BlackTitle "FM"]
[WhiteElo "2343"]
[BlackElo "2339"]
[WhiteTeam "Zukertort Amstelveen"]
[BlackTeam "Zuid Limburg"]
[WhiteFideId "1000403"]
[BlackFideId "211435"]
[EventDate "2023.09.16"]
[EventType "team"]

1. Nf3 d5 2. g3 Nf6 3. Bg2 e6 4. O-O Be7 5. d4 O-O 6. c4 dxc4 7. Qc2 a6 8. Qxc4
b5 9. Qc2 Bb7 10. Bg5 Nbd7 11. Bxf6 Nxf6 12. Nbd2 Rc8 13. Nb3 c5 14. dxc5 Ne4
15. Rfd1 Qc7 16. c6 Qxc6 17. Qxc6 Bxc6 18. Ne5 Bd5 19. Nd7 Rfe8 20. Nb6 Rc2 21.
Nxd5 exd5 22. Rxd5 Bf8 23. Rb1 Nf6 24. Rdd1 Rcxe2 25. Bf3 1/2-1/2

[Event "Dutch League 2023-24"]
[Site "Netherlands NED"]
[Date "2023.12.16"]
[Round "5.2"]
[White "Driessens, Patrick"]
[Black "O'Donnell, Conor"]
[Result "1-0"]
[WhiteTitle "FM"]
[BlackTitle "FM"]
[WhiteElo "2251"]
[BlackElo "2293"]
[WhiteTeam "Zuid Limburg"]
[BlackTeam "Zukertort Amstelveen"]
[WhiteFideId "204382"]
[BlackFideId "2504243"]
[EventDate "2023.09.16"]
[EventType "team"]

1. d4 d5 2. c4 e6 3. Nf3 Nf6 4. g3 Bb4+ 5. Bd2 a5 6. Bg2 dxc4 7. O-O b5 8. a4 c6
9. axb5 Bxd2 10. Nfxd2 Qxd4 11. bxc6 Nd5 12. Qa4 O-O 13. Nxc4 Ra6 14. Rd1 Qc5
15. Nbd2 Nxc6 16. Nb3 Qa7 17. Bxd5 exd5 18. Ncxa5 Qa8 19. Qb5 Ne7 20. Nc5 Ra7
21. Nab3 Bf5 22. Qb6 Rxa1 23. Rxa1 Qe8 24. Nd4 h5 25. Ra3 Bh3 26. Nd3 Nc8 27.
Qc5 Be6 28. Nf4 h4 29. f3 Qd7 30. Qc6 Qxc6 31. Nxc6 hxg3 32. hxg3 g5 33. Nh5 Kh7
34. Ra8 Kg6 35. g4 Re8 36. Ng3 Bd7 37. Nd4 Kf6 38. Kf2 Ke5 39. e3 Rh8 40. Kg2
Rh6 41. b3 Rb6 42. Ra1 Nd6 43. Ra7 Nb7 44. Nge2 Nc5 45. b4 Nb7 46. Nc1 Bb5 47.
Ncb3 Bc4 48. Nc5 Nxc5 49. bxc5 Rb2+ 50. Kg1 Rb1+ 51. Kf2 Kf6 52. c6 Rb2+ 53. Ke1
Rb8 54. Kd2 Rc8 55. Kc3 Bf1 56. Kb4 Re8 57. Rd7 Rxe3 58. c7 Ba6 59. Rd6+ 1-0

[Event "Dutch League 2023-24"]
[Site "Netherlands NED"]
[Date "2023.12.16"]
[Round "5.3"]
[White "De Winter, Arthur"]
[Black "Buscher, Michael"]
[Result "1-0"]
[WhiteTitle "IM"]
[BlackTitle "FM"]
[WhiteElo "2413"]
[BlackElo "2290"]
[WhiteTeam "Zukertort Amstelveen"]
[BlackTeam "Zuid Limburg"]
[WhiteFideId "1069020"]
[BlackFideId "4617533"]
[EventDate "2023.09.16"]
[EventType "team"]

1. e4 c5 2. Nf3 d6 3. d4 cxd4 4. Nxd4 Nf6 5. Nc3 Nc6 6. Bg5 e6 7. Qd2 a6 8.
O-O-O Bd7 9. Kb1 h6 10. Be3 Qc7 11. f4 Be7 12. Bd3 O-O-O 13. h3 Nxd4 14. Bxd4 e5
15. Ba7 Qc6 16. fxe5 dxe5 17. Nd5 Nxd5 18. exd5 Qxd5 19. Qc3+ Qc6 20. Qxe5 Bd6
21. Qxg7 Be6 22. Bf2 Be7 23. Qe5 Bd6 24. Qf6 Qd5 25. Qc3+ Kb8 26. b3 Bc7 27. g4
h5 28. Bxa6 Qg2 29. Bd4 Rhg8 30. Be5 Rc8 31. Bd3 hxg4 32. hxg4 Qxg4 33. Rde1 Bf5
34. Rhf1 Bxd3 35. Qxd3 Qh5 36. Qd5 Bxe5 37. Rxf7 Qxf7 38. Qxf7 Bc7 39. Qd5 Rg7
40. Qb5 Bd6 41. Re8 Rxe8 42. Qxe8+ Kc7 43. Qe4 Re7 44. Qc4+ Kb8 45. b4 Be5 46.
Qc5 Re8 47. a4 Bg7 48. a5 Bf8 49. Qb6 Re1+ 50. Ka2 Bg7 51. Qd8+ Ka7 52. b5 Bc3
53. b6+ Ka6 54. Qd3+ 1-0

[Event "Dutch League 2023-24"]
[Site "Netherlands NED"]
[Date "2023.12.16"]
[Round "5.4"]
[White "Hausrath, Daniel"]
[Black "Van Gisbergen, Stan"]
[Result "1-0"]
[WhiteTitle "GM"]
[BlackTitle "FM"]
[WhiteElo "2465"]
[BlackElo "2262"]
[WhiteTeam "Zuid Limburg"]
[BlackTeam "Zukertort Amstelveen"]
[WhiteFideId "4617495"]
[BlackFideId "1002066"]
[EventDate "2023.09.16"]
[EventType "team"]

1. Nf3 Nf6 2. g3 b5 3. Bg2 Bb7 4. Na3 a6 5. c4 b4 6. Nc2 c5 7. d4 cxd4 8. Ncxd4
e6 9. O-O Be7 10. b3 O-O 11. Bb2 Be4 12. Qd2 Nc6 13. Qe3 Qc7 14. Bh3 Nxd4 15.
Bxd4 Qb7 16. Rad1 Rfd8 17. Ne5 d6 18. Nd3 a5 19. Rd2 h5 20. f3 Bc6 21. Rfd1 e5
22. Bb2 e4 23. Nf4 exf3 24. exf3 Bxf3 25. Rf1 Be4 26. Nd5 Bxd5 27. cxd5 Re8 28.
Qg5 Kf8 29. Bf5 Bd8 30. Kg2 Qb5 31. Rff2 Ra7 32. Kh3 a4 33. bxa4 Rxa4 34. Bxf6
Bxf6 35. Qxh5 Re5 36. Qh8+ Ke7 37. Rc2 Ra7 38. Rc8 1-0

[Event "Dutch League 2023-24"]
[Site "Netherlands NED"]
[Date "2023.12.16"]
[Round "5.5"]
[White "Los, Sander"]
[Black "Braun, Christian2"]
[Result "0-1"]
[WhiteTitle "FM"]
[BlackTitle "IM"]
[WhiteElo "2282"]
[BlackElo "2397"]
[WhiteTeam "Zukertort Amstelveen"]
[BlackTeam "Zuid Limburg"]
[WhiteFideId "1000527"]
[BlackFideId "4692098"]
[EventDate "2023.09.16"]
[EventType "team"]

1. Nf3 Nf6 2. c4 g6 3. g3 Bg7 4. Bg2 O-O 5. d4 d6 6. O-O c6 7. Nc3 Qa5 8. e4 Be6
9. d5 Bg4 10. h3 Bxf3 11. Bxf3 Nfd7 12. Bd2 Rc8 13. Be2 Na6 14. Rb1 Qd8 15. Kg2
Nac5 16. Qc2 a5 17. h4 e6 18. Bg5 Bf6 19. Qc1 Qe7 20. Qe3 exd5 21. cxd5 Nb6 22.
Qf4 Bxg5 23. hxg5 cxd5 24. exd5 Qe5 25. Qxe5 dxe5 26. Bb5 Rd8 27. Rbd1 Nc8 28.
Rde1 e4 29. f3 exf3+ 30. Rxf3 Nd6 31. Re7 Kf8 32. Rc7 Rac8 33. Rxc8 Rxc8 34. Re3
Rc7 35. Kf3 Re7 36. Rxe7 Kxe7 37. b3 f6 38. gxf6+ Kxf6 39. Be2 Ke5 40. g4 h5 41.
gxh5 gxh5 42. Kg2 h4 43. Kh3 Nce4 44. Nxe4 Nxe4 45. Kxh4 Kxd5 46. Kg4 b6 47. Bf3
Kd4 48. Kf5 Nc3 49. a4 Kc5 50. Bh5 Kb4 51. Bf7 Na2 52. Ke5 Nc1 53. Kd6 Nxb3 54.
Kc6 Nc5 55. Kxb6 Nxa4+ 56. Kc7 Nc3 57. Be8 Kc5 58. Kb7 Nb5 59. Ka6 a4 60. Ka5 a3
61. Bf7 Nc3 62. Bg8 Nd5 0-1

[Event "Dutch League 2023-24"]
[Site "Netherlands NED"]
[Date "2023.12.16"]
[Round "5.6"]
[White "Wantola, Ivo"]
[Black "Strating, Sybolt"]
[Result "1/2-1/2"]
[WhiteTitle "FM"]
[BlackTitle "FM"]
[WhiteElo "2347"]
[BlackElo "2313"]
[WhiteTeam "Zuid Limburg"]
[BlackTeam "Zukertort Amstelveen"]
[WhiteFideId "1016067"]
[BlackFideId "1002694"]
[EventDate "2023.09.16"]
[EventType "team"]

1. Nf3 d5 2. d4 c6 3. c4 Nf6 4. Nc3 dxc4 5. a4 Bf5 6. Nh4 Bc8 7. e3 e6 8. Bxc4
c5 9. O-O Nc6 10. Nf3 Be7 11. Qe2 O-O 12. Rd1 Bd7 13. e4 cxd4 14. Nxd4 Nxd4 15.
Rxd4 e5 16. Rd3 Qc8 17. Rg3 Bg4 18. f3 Be6 19. Nd5 Bxd5 20. exd5 Nxd5 21. Qxe5
Qc5+ 22. Kh1 Nf6 23. Qxc5 Bxc5 24. Bh6 Ne8 25. Rd1 Kh8 26. Bf4 Nf6 27. Be5 Rad8
28. Rf1 Bd4 29. Bxf6 1/2-1/2

[Event "Dutch League 2023-24"]
[Site "Netherlands NED"]
[Date "2023.12.16"]
[Round "5.7"]
[White "Spriestersbach, Kai"]
[Black "Miesen, Fabian"]
[Result "1-0"]
[WhiteElo "2288"]
[BlackElo "2177"]
[WhiteTeam "Zukertort Amstelveen"]
[BlackTeam "Zuid Limburg"]
[WhiteFideId "16269985"]
[BlackFideId "1025791"]
[EventDate "2023.09.16"]
[EventType "team"]

1. e4 c5 2. Nf3 Nc6 3. d4 cxd4 4. Nxd4 g6 5. c4 Nf6 6. Nc3 d6 7. Be2 Nxd4 8.
Qxd4 Bg7 9. O-O O-O 10. Qd3 a5 11. h3 a4 12. Bd2 Be6 13. Rab1 Nd7 14. Nd5 Nc5
15. Qe3 Bxd5 16. exd5 Re8 17. b4 axb3 18. axb3 Ra2 19. b4 Ne4 20. Be1 e6 21.
Qxe4 exd5 22. Qxd5 Rexe2 23. c5 Qd7 24. Qxd6 Qb5 25. Rd1 Be5 26. Qd5 Qa4 27. Bd2
Qc2 28. Bh6 Ra8 29. Qd8+ Rxd8 30. Rxd8# 1-0

[Event "Dutch League 2023-24"]
[Site "Netherlands NED"]
[Date "2023.12.16"]
[Round "5.8"]
[White "Peerlings, Camiel"]
[Black "Krudde, Fitzgerald"]
[Result "1/2-1/2"]
[BlackTitle "FM"]
[WhiteElo "2172"]
[BlackElo "2249"]
[WhiteTeam "Zuid Limburg"]
[BlackTeam "Zukertort Amstelveen"]
[WhiteFideId "1018574"]
[BlackFideId "1001175"]
[EventDate "2023.09.16"]
[EventType "team"]

1. e4 e6 2. d4 d5 3. Nc3 Bb4 4. a3 Be7 5. Be3 b6 6. Nf3 dxe4 7. Nxe4 Bb7 8. Bd3
Nf6 9. Nxf6+ Bxf6 10. O-O Nd7 11. Nd2 O-O 12. Ne4 Be7 13. Qh5 Bxe4 14. Bxe4 Nf6
15. Qf3 Nxe4 16. Qxe4 Qd5 17. Qxd5 1/2-1/2

[Event "Dutch League 2023-24"]
[Site "Netherlands NED"]
[Date "2023.12.16"]
[Round "5.9"]
[White "Van der Eijk, Martijn"]
[Black "Simenon, Jozef"]
[Result "1-0"]
[BlackTitle "FM"]
[WhiteElo "2232"]
[BlackElo "2233"]
[WhiteTeam "Zukertort Amstelveen"]
[BlackTeam "Zuid Limburg"]
[WhiteFideId "1026534"]
[BlackFideId "1012916"]
[EventDate "2023.09.16"]
[EventType "team"]

1. e4 b6 2. d4 Bb7 3. Bd3 e6 4. Nf3 c5 5. c3 Nf6 6. Qe2 Be7 7. O-O Nc6 8. a3 Na5
9. Nbd2 c4 10. Bc2 Qc7 11. Rb1 O-O-O 12. Ne5 Rde8 13. Nexc4 Nxc4 14. Nxc4 d5 15.
Nd2 e5 16. dxe5 Qxe5 17. f4 Qc7 18. e5 Kb8 19. Ba4 Nd7 20. Nf3 a6 21. Be3 b5 22.
Bc2 g5 23. fxg5 h6 24. Rbe1 hxg5 25. Bd4 g4 26. Nd2 f6 27. Bf5 fxe5 28. Bf2 e4
29. g3 Nc5 30. Bd4 Nd3 31. Rb1 Bc5 32. Nb3 Bxd4+ 33. Nxd4 Ne5 34. Bxg4 Reg8 35.
Be6 Rg6 36. Rf4 Qb6 37. Bf5 Rgh6 38. Rf2 Nf3+ 39. Nxf3 exf3 40. Qe5+ Ka7 41. Qd4
Qxd4 42. cxd4 Bc8 43. Bxc8 Rxc8 44. Rbf1 Rch8 45. Rd2 Rf6 46. Rd3 Rhf8 47. Kf2
Rc6 48. Rfd1 a5 49. R1d2 b4 50. axb4 axb4 51. Rxf3 Rh8 52. h4 Rh5 53. Kg2 Kb6
54. Kh3 Rc1 55. Kg4 Rh8 56. Rf5 Rd8 57. h5 Kb5 58. Kf3 Rf1+ 59. Rf2 Rd1 60. Rf4
Rh8 61. g4 Kc4 62. Rh2 Rd3+ 63. Kf2 Ra8 64. h6 Ra2 65. Kg1 Rg3+ 66. Rg2 Rxg2+
67. Kxg2 Rxb2+ 68. Kg3 Rb1 69. Rf2 b3 70. g5 Rh1 71. Kf4 Kc3 72. Kf5 b2 73. Rxb2
Kxb2 74. g6 Rxh6 75. g7 Rh5+ 76. Kf6 Rh6+ 77. Kf5 Rh5+ 78. Kf4 Rh4+ 79. Kf3 Rxd4
80. g8=Q Kc3 81. Qg7 Kc4 82. Ke3 Re4+ 83. Kd2 Kc5 84. Qa7+ Kc6 85. Kd3 Rc4 86.
Qa6+ Kc5 87. Qb7 Kd6 88. Qb6+ Ke5 89. Qb8+ Ke6 90. Qd8 Re4 91. Qb6+ Ke5 92. Qc5
Ke6 93. Qc6+ Ke5 94. Qd7 Rc4 95. Qe7+ Kf5 96. Qd6 Rg4 97. Qxd5+ Kf6 98. Ke3 Rg7
99. Kf4 Rf7 100. Qd6+ Kg7+ 101. Kg5 Kh7 102. Qe5 Rg7+ 103. Kf6 Rg6+ 104. Kf7 1-0

[Event "Dutch League 2023-24"]
[Site "Netherlands NED"]
[Date "2023.12.16"]
[Round "5.10"]
[White "Caessens, Rob"]
[Black "Schilstra, Laurens"]
[Result "0-1"]
[WhiteTitle "FM"]
[WhiteElo "2244"]
[BlackElo "2154"]
[WhiteTeam "Zuid Limburg"]
[BlackTeam "Zukertort Amstelveen"]
[WhiteFideId "1000594"]
[BlackFideId "1043218"]
[EventDate "2023.09.16"]
[EventType "team"]

1. d4 g6 2. Nf3 Bg7 3. g3 Nf6 4. Bg2 O-O 5. O-O d6 6. Re1 Nbd7 7. e4 e5 8. c3 b6
9. Nbd2 Bb7 10. Qc2 Re8 11. dxe5 dxe5 12. Nb3 h6 13. Nfd2 a5 14. a4 Qe7 15. Nf1
Rad8 16. Ne3 Nc5 17. Nxc5 Qxc5 18. b3 Qd6 19. Rd1 Qe6 20. Ba3 Bf8 21. Bxf8 Kxf8
22. Rac1 Kg7 23. c4 c6 24. c5 b5 25. Qc3 b4 26. Qc4 Qe7 27. Bf1 Bc8 28. f3 Be6
29. Qc2 Rd4 30. Rxd4 exd4 31. Ng2 Rd8 32. Nf4 Nd7 33. Nd3 f5 34. e5 f4 35. gxf4
Bf5 36. Qc4 Nf8 37. Qa6 Ne6 38. Qxc6 Bxd3 39. Bxd3 Nxf4 40. Qf6+ Qxf6 41. exf6+
Kxf6 42. Bb5 Ke5 43. Kf2 g5 44. Ba6 Rd7 45. c6 Rc7 46. Re1+ Kd5 47. Bb5 d3 48.
Re8 Kd4 49. Rd8+ Kc3 50. Ke1 Kc2 0-1

[Event "Dutch League 2023-24"]
[Site "Netherlands NED"]
[Date "2023.12.16"]
[Round "5.1"]
[White "Pruijssers, Roeland"]
[Black "Maerevoet, Sim"]
[Result "1/2-1/2"]
[WhiteTitle "GM"]
[BlackTitle "IM"]
[WhiteElo "2520"]
[BlackElo "2442"]
[WhiteTeam "AMEVO Apeldoorn"]
[BlackTeam "Charlois Europoort"]
[WhiteFideId "1013068"]
[BlackFideId "241725"]
[EventDate "2023.09.16"]
[EventType "team"]

1. e4 c5 2. Nc3 e6 3. Nge2 Nc6 4. g3 d5 5. exd5 exd5 6. Bg2 d4 7. Nd5 Nge7 8.
Nef4 Nxd5 9. Nxd5 Bd6 10. O-O O-O 11. d3 Be6 12. Nf4 Bf5 13. Re1 Qd7 14. Bd2 Bg4
15. Bf3 Bxf3 16. Qxf3 Bxf4 17. Bxf4 1/2-1/2

[Event "Dutch League 2023-24"]
[Site "Netherlands NED"]
[Date "2023.12.16"]
[Round "5.2"]
[White "Korneev, Oleg"]
[Black "Kevlishvili, Robby"]
[Result "1/2-1/2"]
[WhiteTitle "GM"]
[BlackTitle "GM"]
[WhiteElo "2481"]
[BlackElo "2524"]
[WhiteTeam "Charlois Europoort"]
[BlackTeam "AMEVO Apeldoorn"]
[WhiteFideId "4156803"]
[BlackFideId "1040634"]
[EventDate "2023.09.16"]
[EventType "team"]

1. e4 e5 2. Nf3 Nc6 3. Bb5 a6 4. Ba4 Nf6 5. O-O Be7 6. Re1 b5 7. Bb3 d6 8. c3
O-O 9. h3 Bb7 10. d4 Re8 11. Nbd2 Bf8 12. d5 Nb8 13. Nf1 h6 14. N3h2 c6 15. dxc6
Bxc6 16. Ng3 Nbd7 17. Ng4 Nc5 18. Nxf6+ 1/2-1/2

[Event "Dutch League 2023-24"]
[Site "Netherlands NED"]
[Date "2023.12.16"]
[Round "5.3"]
[White "Zwirs, Nico"]
[Black "Dardha, Arben"]
[Result "0-1"]
[WhiteTitle "IM"]
[BlackTitle "FM"]
[WhiteElo "2480"]
[BlackElo "2299"]
[WhiteTeam "AMEVO Apeldoorn"]
[BlackTeam "Charlois Europoort"]
[WhiteFideId "1036432"]
[BlackFideId "4700481"]
[EventDate "2023.09.16"]
[EventType "team"]

1. e4 c5 2. Nf3 Nc6 3. d4 cxd4 4. Nxd4 Nf6 5. Nc3 e5 6. Ndb5 d6 7. Bg5 a6 8. Na3
b5 9. Nd5 Be7 10. Bxf6 Bxf6 11. c4 b4 12. Nc2 O-O 13. g3 Rb8 14. b3 Bg5 15. Bg2
Be6 16. O-O Qd7 17. f4 Bd8 18. Nde3 f6 19. Kh1 Bb6 20. Qe2 Bc5 21. Rad1 Qa7 22.
Rd3 Rbd8 23. Bf3 a5 24. f5 Bf7 25. h4 a4 26. g4 axb3 27. axb3 Ra8 28. g5 Bxe3
29. Rxe3 Qe7 30. Rg1 Ra2 31. Qd1 Be8 32. Be2 fxg5 33. hxg5 Qa7 34. Rgg3 Nd4 35.
Bd3 Nxc2 36. Bxc2 Ra1 37. Bb1 Qd4 38. Re1 Qxd1 39. Rxd1 Bc6 40. Rg4 Rxf5 41. Kg2
Rf8 42. Rh4 Rfa8 43. Kf3 Be8 44. Rhh1 R8a3 45. Rd3 Ba4 46. c5 dxc5 47. Rhd1 Rxb3
48. Rxb3 Bxb3 49. Bc2 Bxc2 50. Rxa1 b3 51. Ra8+ Kf7 52. Rb8 c4 53. Ke3 c3 0-1

[Event "Dutch League 2023-24"]
[Site "Netherlands NED"]
[Date "2023.12.16"]
[Round "5.4"]
[White "Kollen, Zyon"]
[Black "Warmerdam, Max"]
[Result "0-1"]
[WhiteTitle "FM"]
[BlackTitle "GM"]
[WhiteElo "2331"]
[BlackElo "2633"]
[WhiteTeam "Charlois Europoort"]
[BlackTeam "AMEVO Apeldoorn"]
[WhiteFideId "1024256"]
[BlackFideId "1048104"]
[EventDate "2023.09.16"]
[EventType "team"]

1. e4 c5 2. Nf3 d6 3. d4 cxd4 4. Nxd4 Nf6 5. Nc3 Nc6 6. Bg5 e6 7. Qd2 Be7 8.
O-O-O a6 9. f3 Nxd4 10. Qxd4 b5 11. h4 Bb7 12. Kb1 Qc7 13. a3 O-O 14. h5 h6 15.
Bh4 Rac8 16. Qd2 d5 17. exd5 Nxd5 18. Nxd5 Bxd5 19. Bxe7 Qxe7 20. Bd3 Rfd8 21.
Qb4 Qg5 22. Qh4 Qe3 23. Rhe1 Qc5 24. Qb4 Qc7 25. Qg4 a5 26. f4 Bc4 27. Bxc4 Qxc4
28. Rxd8+ Rxd8 29. Qe2 Qxf4 30. Qxb5 Rd5 31. Qe2 Rd2 32. Qb5 Rd5 33. Qe2 Rd2 34.
Qb5 Qc7 35. c4 Rxg2 36. c5 Rg5 37. Rc1 Rxh5 38. Qe8+ Kh7 39. c6 Rb5 40. Rc2 Rb8
41. Qxb8 Qxb8 42. c7 Qc8 43. b4 axb4 44. axb4 g5 45. b5 g4 46. b6 g3 47. Kc1 Qa6 0-1